| 000 | 00979nam a2200277 a 4500 | ||
|---|---|---|---|
| 001 | 000040780 | ||
| 005 | 20201002034355.0 | ||
| 008 | 101202s2008 sp r 001 0 spa d | ||
| 020 | _a9788481649659 | ||
| 040 |
_aDO-SdBNP _bspa _cBNPHU |
||
| 082 |
_a972.81 _bV986a, 1996 |
||
| 245 | 0 | 0 |
_aPopol Vuh : _brelato maya del origen del mundo y de la vida / _cintroducción y notas de Miguel Rivera Dorado. |
| 260 |
_aMadrid : _bTrotta, _c2008. |
||
| 300 |
_a252 ; _c23 cm. |
||
| 490 | 1 | _aParadigmas | |
| 500 | _aLa biblioteca posee la segunda reimpresión del 2012 | ||
| 500 | _aIncluye índice analítico p: 239-246 | ||
| 500 | _aIncluye índice onomástico p: 247-252 | ||
| 504 | _aBibliografía p: 233-237 | ||
| 650 | 4 |
_aMitologia maya _928327 |
|
| 650 | 4 |
_aMayas _xCivilización _967192 |
|
| 650 | 4 |
_aMitología y leyendas de guatemala _967193 |
|
| 700 | 1 | 2 |
_aRivera Dorado, Miguel _eintr. _967194 |
| 830 | 0 |
_aParadigmas _967195 |
|
| 910 | _aValidado. Control de calidad MFF | ||
| 999 |
_c40270 _d40270 |
||